000
00340nam a22001097a 4500
040
_c
RUA
082
_a
155 BUN 2023 A126 Or.
100
_a
BUN TEAN , ប៊ុន ទៀន
245
_a
មូលដ្ឋានសំខាន់ភាពស៊ាំវិទ្យា, Essential immunology
260
_a
PHNOM PENH
_b
RUA
_c
2023
942
_c
KB
999
_c
23987
_d
23987